000 00303nam a22001337a 4500
003 SGT
082 _a617.69
_bR25G
100 _aGupta, Vaishali
245 _aRestoring Edentulous ridges with implants
260 _bSGT University
_c2025
300 _a144
650 _aProsthodontics
942 _2ddc
_cTH
999 _c31363
_d31363